| 000 | 00846nam0a2200277 i 4500 | ||
|---|---|---|---|
| 001 | RU\NLR\BIBL_A\010769396 | ||
| 005 | 20240725000548.0 | ||
| 010 |
_a9785990594302 _9100 |
||
| 021 |
_aRU _b15-26296 |
||
| 035 | _a(NLR Aleph) 010769396 | ||
| 090 |
_a10015629 _c10015629 |
||
| 100 | _a20150528d2015 u y0rusy50 ca | ||
| 101 | 0 | _arus | |
| 102 | _aRU | ||
| 105 | _ay|||z|||000gy | ||
| 200 | 1 |
_aЛюбви потерянной страницы _eстихи _fЕлена Морозовская |
|
| 210 |
_aКурган _cПризнание _d2015 |
||
| 215 |
_a107 с. _d20 см |
||
| 686 | 2 | _aШ6(2=Р)8-5 | |
| 700 | 1 |
_aМорозовская _bЕ. А. _f1960- _gЕлена Анатольевна |
|
| 801 | 0 |
_aRU _bРГБ _c20150407 _gRCR |
|
| 942 | _cBOOK | ||
| 980 | _aNBR | ||